Кинетика активной среды усилителя яркости на парах меди; Известия вузов. Физика; Т. 60, № 11
| Parent link: | Известия вузов. Физика: научный журнал.— , 1957- Т. 60, № 11.— 2017.— [С. 122-127] |
|---|---|
| Corporate Authors: | , |
| Outros autores: | , , , |
| Summary: | Заглавие с экрана Режим доступа: по договору с организацией-держателем ресурса |
| Idioma: | ruso |
| Publicado: |
2017
|
| Subjects: | |
| Acceso en liña: | https://www.elibrary.ru/item.asp?id=30626651 |
| Formato: | Electrónico Capítulo de libro |
| KOHA link: | https://koha.lib.tpu.ru/cgi-bin/koha/opac-detail.pl?biblionumber=664491 |
MARC
| LEADER | 00000naa0a2200000 4500 | ||
|---|---|---|---|
| 001 | 664491 | ||
| 005 | 20250414161154.0 | ||
| 035 | |a (RuTPU)RU\TPU\network\35675 | ||
| 090 | |a 664491 | ||
| 100 | |a 20210415d2017 k||y0rusy50 ca | ||
| 101 | 0 | |a rus | |
| 102 | |a RU | ||
| 135 | |a drcn ---uucaa | ||
| 181 | 0 | |a i | |
| 182 | 0 | |a b | |
| 200 | 1 | |a Кинетика активной среды усилителя яркости на парах меди |f А. Е. Кулагин, С. Н. Торгаев, Г. С. Евтушенко, М. В. Тригуб | |
| 203 | |a Текст |c электронный | ||
| 300 | |a Заглавие с экрана | ||
| 320 | |a [Библиогр.: 19 назв.] | ||
| 333 | |a Режим доступа: по договору с организацией-держателем ресурса | ||
| 461 | |t Известия вузов. Физика |o научный журнал |d 1957- | ||
| 463 | |t Т. 60, № 11 |v [С. 122-127] |d 2017 | ||
| 610 | 1 | |a электронный ресурс | |
| 610 | 1 | |a труды учёных ТПУ | |
| 610 | 1 | |a оптические системы | |
| 610 | 1 | |a активная среда | |
| 610 | 1 | |a усилители яркости | |
| 610 | 1 | |a коэффициент усиления | |
| 610 | 1 | |a кинетическая модель | |
| 610 | 1 | |a плазма | |
| 701 | 1 | |a Кулагин |b А. Е. |c математик |c доцент Томского политехнического университета, кандидат физико-математических наук |f 1992- |g Антон Евгеньевич |3 (RuTPU)RU\TPU\pers\32403 |9 16354 | |
| 701 | 1 | |a Торгаев |b С. Н. |c специалист в области электроники |c доцент Томского политехнического университета, кандидат физико-математических наук |c младший научный сотрудник Института оптики атмосферы СО РАН |f 1984- |g Станислав Николаевич |3 (RuTPU)RU\TPU\pers\25908 |9 11759 | |
| 701 | 1 | |a Евтушенко |b Г. С. |c российский специалист в области электрофизики |c профессор Томского политехнического университета, доктор технических наук |f 1947- |g Геннадий Сергеевич |3 (RuTPU)RU\TPU\pers\21960 |9 9279 | |
| 701 | 1 | |a Тригуб |b М. В. |c специалист в области неразрушающего контроля |c профессор Томского политехнического университета, доктор технических наук |f 1987- |g Максим Викторович |3 (RuTPU)RU\TPU\pers\25909 |9 11760 | |
| 712 | 0 | 2 | |a Национальный исследовательский Томский политехнический университет |b Инженерная школа неразрушающего контроля и безопасности |b Отделение электронной инженерии |3 (RuTPU)RU\TPU\col\23507 |
| 712 | 0 | 2 | |a Национальный исследовательский Томский политехнический университет |b Инженерная школа новых производственных технологий |b Отделение материаловедения |3 (RuTPU)RU\TPU\col\23508 |
| 801 | 2 | |a RU |b 63413507 |c 20210415 |g RCR | |
| 850 | |a 63413507 | ||
| 856 | 4 | |u https://www.elibrary.ru/item.asp?id=30626651 | |
| 942 | |c CF | ||